[Event "SuperGM"]
[Site "Linares ESP"]
[Date "2002.03.10"]
[Round "14"]
[White "Shirov, Alexei"]
[Black "Kasparov, Garri"]
[Result "0-1"]
[WhiteElo "2715"]
[BlackElo "2838"]
[Annotator "Hathaway, Mark"]

1. e4
{ At this point in the tournament Shirov has drawn with everyone but Adams and has beaten Ivanchuk (3rd-5th place finish) , but lost (with Black) to Anand, Adams and Vallejo Pons (3rd-5th and 6th place finishers) . This is an odd sort of result except that each and every one of these contestants is very strong. One gets the sense Shirov is trying to figure out how to beat the top players and this tournament was (for Shirov) as much for experimentation as anything; or maybe he's just in a bit of a slump. }
1...c5 2. Nf3 Nc6
{ Already this is a surprise. I can't recall the last time Kasparov played this. Here are some of his "surprises" from the tournament: round 1 as Black against Vallejo Pons' English Opening he played 2...e5; round 8 as White against Vallejo Pons' Sicilian Defense he played c2-c4 to establish a Maroczy Bind; round 7 against Shirov's Sicilian Defense he played 3. Bb5 and, now in this Sicilian Defense game against Shirov he has played 2...Nc6. }
3. d4 cxd4 4. Nxd4 Nf6 5. Nc3 e5
{ I don't recall ever seeing Kasparov play this. And, why would he play such a double-edged opening when all he needs is a draw to win the tournament. He risks a lot with this choice because a loss here and a win by Ponomariov would give Ponomariov a tie for first with Kasparov. }
 ( 5...d6 
{ would certainly be more expected, as it easily leads into a Scheveningen Variation, Kasparov's favorite }
 ) 6. Ndb5 d6 7. Bg5 a6 8. Na3 b5 9. Bxf6 gxf6 10. Nd5 f5 11. Bxb5
{ This isn't unknown, but it is uncommon. There aren't so many players who wish to enter into a tactical melee this quickly. The strategic idea is that White's bishop isn't very good and this way it gives it's life to make Na3 very good and to open some lines to Ke8, so it will never find a safe haven. }
 ( 11. c3 
{ Anand-Ivanchuk, round 5, 1/2-1/2 in 49 moves }
 ) 11...axb5 12. Nxb5
{ threat: Nc7+ }
12...Ra4 13. b4 Qh4
{ Black enters the attack vs. counterattack situation and makes room at d8 for Black's king to move around a bit. The center is clogged up, so he plays with Ra4 and Qh4 on the wings. }
 ( 13...Nxb4 $4 14. c3 $16 ) 14. O-O Rg8
{ White might like to think his king is safe behind the pawns, but there's room for Black to play on that wing and the g-file is open. It's still anybody's game. }
 ( 14...Qxe4 $4 15. Nf6+ $18 ) 15. f4
{ I like this move. It makes Rf1 active and opens the second rank, so White can defend Pg2 more easily. Besides, there's no rule only Black can play on the king-side. Black's pawns block the center pretty well, so play on either or both wings is mandatory. }
15...Kd8
{ This ugly-duckling move allows Qh4 to move without Nd5-f6+ picking up Rg8. }
16. c3 Ra6
{ If you'd shown me this game without telling me who was playing I might have guessed Shirov, as he plays this Bxb5 variation occasionally, but I'd never have guessed Kasparov would play this variation. I'm not saying it's bad (I don't know about that) , just that it doesn't seem to be his usual style. }
17. a4 fxe4 18. f5 Bb7 19. Ra2 e3
{ This isn't exactly "playing in the center" so much as getting out of the way of Bb7, so he can play on the wing at g2. }
20. Nxe3 ( 
{ Now might be the time to make a breakthrough to get at Kd8. }
 20. Nxd6 Bxd6 21. b5 Ra7 22. bxc6 Bxc6 23. Nb4 ) 20...Qe4 21. Re1 ( 21. Nxd6 $4 Qxe3+ 22. Kh1 Bxd6 ( 22...Kc7 $4 23. Nxb7 Kxb7 24. Qd7+ ) 23. Qxd6+ Kc8 $19 ) ( 21. Re2 ) 21...Nxb4
{ After this all the offense is Black's. }
22. cxb4 Bh6 23. Kh1 Bxe3 24. Qe2 Rc6
{ Be3 is poison because Black would exchange queens and then play ...Rc8-c1+, mating. }
25. a5 Qxb4 26. Nxd6 ( 26. Qxe3 Qxb5 ) 26...Rxd6 27. Qxe3 Qd4 28. Qc1 Qd5
{ Black pieces are perfect for offense at d2 and along the d-file AND he defends Kd8 and against the advance of Pa5 very well. White has no hope. I don't know the opening theory of this game, but it appears to me Kasparov out-dueled Shirov in his own "pet" line. Bravo! This tops a fine tournament victory as well. }
0-1

[Event "SuperGM"]
[Site "Linares ESP"]
[Date "2002.03.10"]
[Round "14"]
[White "Adams, Michael"]
[Black "Ivanchuk, Vassily"]
[Result "1/2-1/2"]
[WhiteElo "2742"]
[BlackElo "2717"]
[Annotator "Hathaway, Mark"]

1. e4 c5
{ Adams and Ivanchuk both, with a victory in this game, would tie for second place. }
2. Nf3 e6 3. d4 cxd4 4. Nxd4 a6 5. Bd3
{ After Kasparov and Ponomariov used c2-c4 Anand used Nb1-c3, but Bf1-d3 (Kan Variation) , used by Ivanchuk in round 10 (he also followed with c2-c4 after he'd castled) , is supposed to be the "main line". White prepares to O-O and keeps open the option of c2-c4. }
5...Nf6 6. O-O d6
{ This is typical of a Paulsen Variation. Black leaves open his specific piece development and just uses pawn moves early-on to limit White's pieces. The down-side of this approach is that it's not very contentious and allows White to choose his set-up. }
 ( 6...d5 7. e5 Nfd7 8. Qe2 ( 8. f4 $6 Bc5 9. c3 Nc6 
{ and it appears White has over-extended a bit. }
 ) 8...Bc5 9. Nf3 
{ is similar to a French Defense, Advance Variation }
 ) 7. c4
{ Maroczy Bind }
7...b6
{ Hedgehog - Also see Ivanchuk-VallejoPons, round 10, 1-0 in 23 where 7...Be7 was played. }
8. Nc3 Bb7 9. f4
{ Adams plays as though he had Pc2 rather than Pc4. This tells me he considers having Pc4 as an unqualified advantage which requires no limitation on how he might otherwise play the position. Ivanchuk did the same when he played the White pieces. }
9...Be7 10. f5
{ This is where his approach differs with Ivanchuk's. Ivanchuk played Kg1-h1, Qd1-e2 and slowly developed while Vallejo Pons self-destructed. Here Adams goes for the throat. }
10...Nc6
{ Black takes the pressure off Pe6 immediately. Black can hardly afford to play ...e6-e5 and leave Pd5 completely in White's hands. }
11. Be3 Nxd4
{ getting rid of the pressure on Pe6, so he doesn't have to play ...e6-e5 which weakens d5 }
12. Bxd4 O-O 13. fxe6 fxe6 14. Qe2
{ White may attack Pb6 to peck away at Black's weak points while he maneuvers into some formation to attack Kg8. Threatening at two or three points can help the White cause. }
 ( 14. e5 $2 dxe5 15. Bxe5 Bc5+ 16. Kh1 Qe8 
{ and Black's pieces are very active & coordinated }
 ) 14...Kh8 15. Rad1 ( 15. Qe3 $5 Ng4 ( 15...Nd7 16. Qh3 ) 16. Qh3 ) 15...Nd7 16. Rxf8+
{ Adams saw that Rf1 had no great offensive value if it was always going to be traded for Rf8, so he forced the trade on his terms. This way Rd1 continues to take aim at Pd6 & Qd8 and the rook trade forces at least one Black piece onto an awkward square (f8) . }
16...Qxf8 17. Na4
{ This simple attack on Pb6 puts Black's position into crisis! }
17...Bf6 18. Bxf6 ( 18. Qf2 ) 18...Qxf6 19. Qe3 Rd8
{ defending Nd7, so he can meet 20. Nxb6 with 20...Qxb2. Swapping pawns is better than just losing Pb6. }
20. b4 ( 20. Nxb6 Qxb2 ) ( 20. b3 ) 20.. a5 21. Nxb6 axb4 22. Rf1 Qh6
{ Leave it to Ivanchuk to come up with such an outlandish move. He'd prefer the doubled h-file pawns than for his queen to be forced into passivity! }
 ( 22...Qe7 23. Nxd7 
{ and Pb4 is very weak }
 ) 23. Qxh6 gxh6 24. Nxd7 Rxd7 25. Rb1 ( 
{ It appears }
 25. Rf6 
{ isn't quite as good as the game move because there is a risk Pb4 might become very good if Pa2 disappears, so getting rid of Pb4 first is the better way to go -- at least in theory. In a well-analzyed variation one might show Black can capture at e6 and Black can't go after Pa2 because he'll be too tied-up defending against Re6, Pc4 and Pe4. }
 25...d5 26. exd5 ( 
{ Also good is to get past Bb7 with }
 26. cxd5 exd5 27. e5 
{ when Pd5 blocks Bb7 and Pe5 isn't blocked. }
 ) 26...exd5 27. c5 Rc7 28. Rxh6 
{ and Pc5 is safe for the moment because Rh6xh7+ would snare Bb7. This gives White time to play Rh6-h4 to threaten Pb4. }
 ) 25...Ba6 26. Rxb4 d5
{ This forces a liquidation which leaves White ahead, but without the proper material to find a win. }
27. Ra4 Bxc4 28. Bxc4 dxc4 29. Rxc4 Rd1+ ( 29...Kg7 
{ Leaving Pa2 on the board is riskier. Every pawn has the potential to become a queen, so one should think long before leaving it. In this case it's a serious question because Black has the option of gaining Pa2 in exchange for Pe6 or leaving both pawns on the board. }
 ) 30. Kf2 Rd2+ 31. Kg3 Rxa2 $14 32. Rc6 Ra3+ 33. Kh4 Ra2
{ Constantly harassing the pawns is essential as it keeps White's king tied-up far from Ph6. }
34. Kh3 Ra3+ 35. g3 Ra2 36. Rxe6
{ There's the completion of the pawn exchange. Now White has an extra pawn and Black has a slightly weak doubled h-file pawn. Black's saving grace is the small number of pieces and that Kh3 is tied to Ph2. }
36...h5 37. Re7 ( 37. Re5 Re2 ) 37...Re2 38. e5 h6
{ After this White's king can't move to h4 because ...Rxh2 is checkmate. }
39. Re8+ ( 39. Kh4 Rxh2# ) 39...Kg7 40. Re7+ Kg6 41. e6 Kf6 42. Re8 Kg6 43. e7 Kg7
{ Black has to get to g7 or h7 to avoid Re8-g8+ to promote the pawn. }
 ( 43...Kf7 $4 44. Rh8 Kxe7 45. Rxh6 Re5 46. Kh4 $18 ) 44. g4 hxg4+ 45. Kxg4 Kf7
{ Now that White is down to one rook pawn this is safe. }
46. Rh8
{ Good defense from Ivanchuk. He's played very well in recent events. }
1/2-1/2